000 00481nam a2200181 a 4500
001 1773825712312
003 YourLibrary
005 20260318145347.0
008 260318s2009##################000#0#eng##
020 _a9781403989536
082 0 4 _a362.1042
_bMAC
100 1 _aMcDonnell, Orla,
_eauthor.
245 1 0 _aSocial Theory, Health and Healthcare :
260 _bRed Globe Press,
_c2009.
650 0 _aMedical.
942 _cENGLISH
040 _aYourLibrary
_beng
_cYourLibrary
999 _c617880
_d617880